|
|
|
|
| LEADER |
00000nam a2200000 4500 |
| 001 |
vtls012274994 |
| 003 |
SK-MaSNL |
| 005 |
20260301192810.0 |
| 008 |
250410s2024 xo a a 000 0 slo |
| 020 |
|
|
|a 9788056714706
|q (brožované)
|
| 040 |
|
|
|a SNK
|b slo
|c SNK
|e rda
|
| 041 |
1 |
|
|a slo
|h fre
|
| 044 |
|
|
|a xo
|c SK
|
| 072 |
|
7 |
|a 373.2/.3
|x Predškolská a primárna výchova a vzdelávanie
|2 konspekt
|
| 072 |
|
7 |
|a 0/9-053.2
|x Literatúra pre deti a mládež (náučná)
|2 konspekt
|
| 080 |
|
|
|a 598.192
|2 2011
|
| 080 |
|
|
|a (084.1.029.2)
|2 2011
|
| 080 |
|
|
|a 793.7-047.25
|2 2011
|
| 080 |
|
|
|a (076.1)
|2 2011
|
| 080 |
|
|
|a 51-3
|2 2011
|
| 080 |
|
|
|a 373.2
|2 2011
|
| 080 |
|
|
|a (0.053.2)
|2 2011
|
| 130 |
1 |
0 |
|a En route pour la maternelle - Livre de jeux
|l Slovensky
|9 512317
|
| 245 |
1 |
0 |
|a Cestou do škôlky 4+
|b kniha hier
|c preklad a redakcia Martina Gendová
|
| 250 |
|
|
|a Prvé slovenské vydanie
|
| 264 |
|
1 |
|a Bratislava
|b Svojtka & Co.
|c 2024
|
| 300 |
|
|
|a 1 zväzok (48 nečíslovaných strán)
|b ilustrácie
|c 27 cm
|
| 336 |
|
|
|a text
|b txt
|2 rdacontent
|
| 336 |
|
|
|a statický obraz
|b sti
|2 rdacontent
|
| 337 |
|
|
|a bez média
|b n
|2 rdamedia
|
| 338 |
|
|
|a zväzok
|b nc
|2 rdacarrier
|
| 490 |
1 |
|
|a Cestou do škôlky
|
| 500 |
|
|
|a Názov a podnázov z obálky
|
| 500 |
|
|
|a Preložené z francúzštiny
|
| 500 |
|
|
|a Údaje o edícii prevzaté z externých zdrojov
|
| 521 |
8 |
|
|a Pre deti od 4 rokov
|
| 650 |
0 |
7 |
|a hľadanie obrázkov (hry)
|2 SNKPH
|9 330494
|
| 650 |
0 |
7 |
|a počítanie
|2 SNKPH
|9 4104
|
| 650 |
0 |
7 |
|a predškolská výchova
|2 SNKPH
|9 3959
|
| 650 |
0 |
7 |
|a Look and find (game)
|2 SNKPHeng
|9 330495
|
| 650 |
0 |
7 |
|a Counting
|2 SNKPHeng
|9 302467
|
| 650 |
0 |
7 |
|a Preschool education
|2 SNKPHeng
|9 267868
|
| 655 |
|
7 |
|a publikácie pre deti
|2 SNKPH
|9 70148
|
| 655 |
|
7 |
|a Publications for children
|2 SNKPHeng
|9 276792
|
| 655 |
|
7 |
|a pracovné zošity
|2 SNKPH
|9 70188
|
| 655 |
|
7 |
|a Activity books
|2 SNKPHeng
|9 302885
|
| 700 |
1 |
|
|a Gendová, Martina
|4 trl
|4 red
|9 224445
|
| 830 |
|
0 |
|a Cestou do škôlky
|9 373763
|
| 852 |
|
|
|a Slovenská národná knižnica
|
| 919 |
|
|
|a 978-80-567-1470-6
|
| 954 |
|
|
|a ilustrované knihy, leporelá, komiksy cudzojazyčné (svetové)
|2 lita
|
| 958 |
|
|
|a DB
|
| 999 |
|
|
|c 875136
|d 877066
|
| 952 |
|
|
|a SNK
|b SNK
|y NEVYP
|7 1
|p 17A1566543
|o snkOSB 21694
|i snk2025/6206
|8 0
|0 0
|1 0
|4 0
|d 2025-04-10
|l 0
|r 2026-02-24 05:55:45
|w 2026-02-24
|
| 952 |
|
|
|a SNK
|b SNK
|y PREZ
|7 0
|p 17A1566544
|o snkOSB 21694 D1
|i snk2025/6207
|8 0
|0 0
|1 0
|4 0
|d 2025-04-10
|l 0
|r 2026-02-24 05:55:45
|w 2026-02-24
|